| 000 | 00540nam a2200205Ia 4500 | ||
|---|---|---|---|
| 003 | GCL | ||
| 008 | 140319s9999 xx 000 0 eng d | ||
| 040 |
_aGCL / _cGCL |
||
| 082 | 0 | 4 |
_a355.4 _bS I |
| 100 | 1 | _aSTEVENS, RICHARD P. | |
| 245 | 1 | 0 |
_aTHE IRAQ INVASION OF KUWAIT AMERICAN REFLECTIONS / _cSTEVENS, RICHARD P. |
| 260 |
_a[S.N] : _bINTERNATIONAL EDUCATION AND COMMUNICATIO |
||
| 300 | _a194 P | ||
| 650 | 0 | 4 | _aPHOTOGRAPHY |
| 650 | 0 | 4 | _aKUWAIT |
| 650 | 0 | 4 | _aIRAQ |
| 650 | 0 | 4 | _aGULF WAR |
| 650 | 0 | 4 | _aOIL FIRES |
| 942 |
_2ddc _cBK |
||
| 999 |
_c11526 _d11526 |
||